| 000 | 00821nam a2200217Ia 4500 | ||
|---|---|---|---|
| 003 | OSt | ||
| 005 | 20200805202434.0 | ||
| 008 | 191128s1995 ck fr f000 0 spa d | ||
| 040 |
_aCO-JMCR _cCO-JMCR |
||
| 041 | 0 | _aspa | |
| 082 | 0 | 4 |
_a343.091 / _bS862r _223 |
| 110 | 2 |
_aSuperintendencia de servicios públicos _98475 |
|
| 245 | 1 | 0 |
_aRégimen de servicos públicos domiciliarios Ley 142-1994 / _cSuperintendencia de servicios públicos |
| 260 |
_a[Bogotá] : _bSuperintendencia de Servicios Públicos, _c1995 |
||
| 300 |
_a289 páginas ; _c21 cm. |
||
| 505 | 0 | _aTutelas -- Exposición de motivos -- Texto de la ley 142 julio 11 de 1994 -- Decreto (1) -- Circulares 1 y 2 -- Resoluciones | |
| 650 | 1 | 4 |
_aTutela _xexposición de motivos _98476 |
| 650 | 1 | 4 |
_aDecreto _98477 |
| 650 | 1 | 4 |
_aResolución _98478 |
| 942 |
_2ddc _cBK |
||
| 999 |
_c5911 _d5911 |
||